Postavenie zisku v procese intenzifikácie rozvoja spoločenskej výroby

Na minha lista:
Detalhes bibliográficos
Autor principal: Múčková, Viktória
Autor Corporativo: Vysoká škola ekonomická v Bratislave. Národohospodárska fakulta
Outros Autores: Pancák, Michal
Formato: Livro
Idioma:eslovaco
Publicado em: Bratislava 1989
Tags: Adicionar Tag
Sem tags, seja o primeiro a adicionar uma tag!

MARC

LEADER 00000nam a2200000 4500
001 c040976
005 20221215071156.6
041 0 |a slo 
044 |a SK 
245 1 0 |a Postavenie zisku v procese intenzifikácie rozvoja spoločenskej výroby  |c Viktória Múčková ; Ved. práce Michal Pancák 
264 1 |a Bratislava  |c 1989 
300 |a 157 s. 
100 1 |a Múčková, Viktória 
700 1 |a Pancák, Michal 
710 2 |a Vysoká škola ekonomická v Bratislave. Národohospodárska fakulta